000 00212nam a22000857a 4500
008 260305b ||||| |||| 00| 0 eng d
100 _aSmith, Robert C
245 _aOntario Post Offices
650 _aOntario Post Offices
999 _c3700
_d3700